000
00323nam a2200145Ia 4500
100
_a
Schildt/ Herbert
942
_c
BK
654
_a
turbo pascal
245
_a
Advanced Turbo Pascal:Version IV
260
_b
Mc Graw Hill
_a
California
_c
1988
082
_a
1.6424
_b
SCH
300
_a
416
546
_a
ENGLISH
999
_c
27092
_d
27092